00321nam a2200121Ia 4500008004100000020001400041050001500055100002200070245003100092260003900123300002400162650001300186150202s9999 xx 000 0 und d a450057038 aFIC bFIC  aMarksfin, George. aFerret /cGeorge Marksfin. aGreat Britain :bNel Books,c1983. a320 pages :c18 cm. aFiction.